000 00517nam a22001817a 4500
005 20251108172647.0
008 250721s2002 xx 000 0 ara d
082 1 4 _a649.55/عنا
100 1 _aالعناني، حنان
_eمؤلف
245 1 0 _aاللعب عند الأطفال /
264 1 _aعمان :
_bدار الفكر للنشر،
_c2002.
300 _a310ص
650 1 7 _aالأطفال
650 1 7 _aلعب الأطفال
650 1 7 _aرعاية الطفولة
942 _2ddc
_cBK
999 _c85241
_d85241